<?xml version="1.0" encoding="UTF-8"?>
<marc:record xmlns:marc="http://www.loc.gov/MARC21/slim">
   <marc:leader>00000nam a2200000 a 4500</marc:leader>
   <marc:datafield ind1="1" ind2=" " tag="100">
      <marc:subfield code="a">Allende, Isabel</marc:subfield>
      <marc:subfield code="4">aut</marc:subfield>
      <marc:subfield code="e">Verfasser/-in</marc:subfield>
   </marc:datafield>
   <marc:datafield ind1=" " ind2=" " tag="653">
      <marc:subfield code="a">Fiktionale Darstellung</marc:subfield>
   </marc:datafield>
   <marc:datafield ind1=" " ind2=" " tag="653">
      <marc:subfield code="a">Erzählende Literatur</marc:subfield>
   </marc:datafield>
   <marc:datafield ind1=" " ind2=" " tag="653">
      <marc:subfield code="a">Erzählende Literatur: Gegenwartsliteratur ab 1945</marc:subfield>
   </marc:datafield>
   <marc:datafield ind1="0" ind2="0" tag="245">
      <marc:subfield code="a">Dieser weite Weg</marc:subfield>
   </marc:datafield>
   <marc:datafield ind1="0" ind2="0" tag="245">
      <marc:subfield code="c">Allende, Isabel</marc:subfield>
   </marc:datafield>
   <marc:datafield ind1=" " ind2="1" tag="264">
      <marc:subfield code="a">Berlin</marc:subfield>
      <marc:subfield code="b">Suhrkamp</marc:subfield>
      <marc:subfield code="c">2020</marc:subfield>
   </marc:datafield>
   <marc:datafield ind1=" " ind2=" " tag="250">
      <marc:subfield code="a">1. Aufl.</marc:subfield>
   </marc:datafield>
   <marc:datafield ind1="1" ind2=" " tag="520">
      <marc:subfield code="a">Angaben aus der Verlagsmeldung &#xD;
&#xD;
 &#xD;
&#xD;
  Dieser weite Weg : Roman / von Isabel Allende &#xD;
&#xD;
 &#xD;
Wie weit ist der Weg, den wir gehen müssen, um im Leben anzukommen? Isabel Allende erzählt von Flucht und Neuanfang und den zärtlichen Verheißungen einer eigentlich unmöglichen Liebe.&#xD;
 &#xD;
Gerade beginnt der junge Katalane Víctor Dalmau seine vielversprechende Karriere als Arzt, da bricht der Bürgerkrieg aus. Seine Familie beschließt, das belagerte Barcelona zu verlassen, und macht sich auf den beschwerlichen Weg über die Pyrenäen. Unterwegs erfährt Víctor vom Tod seines geliebten Bruders an der Front, aber er bringt es nicht über sich, seiner hochschwangeren Schwägerin Roser davon zu erzählen. Als auch in Frankreich kein Bleiben ist, organisiert er in letzter Minute für Roser und sich eine Überfahrt nach Südamerika. Im chilenischen Exil kommen sich die beiden näher. Ist es Liebe? Für sie und Víctor scheint ein spätes gemeinsames Glück greifbar nahe – bis plötzlich eine weitere politische Katastrophe ihre Pläne zu vereiteln droht …</marc:subfield>
   </marc:datafield>
   <marc:datafield ind1=" " ind2=" " tag="020">
      <marc:subfield code="a">9783518470886</marc:subfield>
      <marc:subfield code="9">9783518470886</marc:subfield>
   </marc:datafield>
   <marc:datafield ind1=" " ind2=" " tag="020">
      <marc:subfield code="a">3518470884</marc:subfield>
      <marc:subfield code="9">3518470884</marc:subfield>
   </marc:datafield>
   <marc:datafield ind1=" " ind2=" " tag="041">
      <marc:subfield code="a">ger</marc:subfield>
   </marc:datafield>
   <marc:datafield ind1=" " ind2=" " tag="338">
      <marc:subfield code="a">Band</marc:subfield>
   </marc:datafield>
   <marc:datafield ind1=" " ind2=" " tag="300">
      <marc:subfield code="a">381 S.</marc:subfield>
   </marc:datafield>
</marc:record>
